| 000 | 01807nam a2200433 i 4500 | ||
|---|---|---|---|
| 001 | DIGHERDER0663 | ||
| 003 | NyNyDIG | ||
| 007 | cr ||||||||||| | ||
| 008 | 231010s2017 mx ob 001 0 spa d | ||
| 006 | m o d | ||
| 035 | _a(OCoLC)1402839229 | ||
| 040 |
_aDGITA _beng _erda _epn _cDGITA |
||
| 020 |
_z9786077727569 _q(México) |
||
| 020 |
_z9788425436512 _q(España) |
||
| 041 | 1 |
_aspa _hger |
|
| 050 | 1 | 4 | _aHB175 ebook |
| 100 | 1 |
_aLuhmann, Niklas, _d1927-1998, _eauthor. |
|
| 240 | 1 | 0 |
_aWirtschaft der Gesellschaft. _lSpanish _s(Mascareño) |
| 245 | 1 | 3 |
_aLa economía de la sociedad / _cNiklas Luhmann ; traducción e introducción de Aldo Mascareño ; prefacio a la edición española de Dirk Baecker. |
| 264 | 1 |
_aCiudad de México : _bHerder, _c[2017] |
|
| 300 | _a1 online resource. | ||
| 336 |
_atext _btxt _2rdacontent |
||
| 337 |
_acomputer _bc _2rdamedia |
||
| 338 |
_aonline resource _bcr _2rdacarrier |
||
| 347 |
_atext file _2rdaft |
||
| 347 | _bPDF | ||
| 504 | _aIncludes bibliographical references and indexes. | ||
| 588 | 0 | _aOnline resource; title from PDF title page (Digitalia, viewed October 10, 2023) | |
| 650 | 0 | _aEconomics. | |
| 700 | 1 |
_aMascareño, Aldo, _etranslator. |
|
| 700 | 1 |
_aBaecker, Dirk, _econtributor agent of text. |
|
| 700 | 1 |
_iTranslation of: _aLuhmann, Niklas, _d1927-1998. _tWirtschaft der Gesellschaft. |
|
| 791 | 2 |
_aDigitalia (Firm), _edistributor. |
|
| 793 | 0 |
_gDigitalia eBook Collection: _aHerder Editorial |
|
| 776 | 0 | 8 |
_iPrint version: _aLuhmann, Niklas, 1927-1998. _sWirtschaft der Gesellschaft. Spanish (Mascareño). _tEconomía de la sociedad. _dCiudad de México : Herder, [2017] _z9786077727569 |
| 856 | 4 | 0 |
_3Digitalia Hispánica _uhttps://www.digitaliapublishing.com/a/129540/ |
| 910 | _aPremium collection: 2023 | ||
| 942 | _cRAA | ||
| 999 |
_c280363 _d280363 |
||